|
|
|
|
| LEADER |
00000nab a2200000ua 4500 |
| 001 |
vtls010810729 |
| 003 |
SK-MaSNL |
| 005 |
20260303152921.0 |
| 008 |
230222s1907 xo |||||||||||||||||slo| |
| 035 |
|
|
|a (urnnbn)urn:nbn:sk:snk:ar-001s1k
|
| 035 |
|
|
|a urn:nbn:sk:snk-ab5g27
|
| 035 |
|
|
|a (uuid)3e9d3c4b-8156-4fc4-bd3c-6529fcc752c7
|
| 040 |
|
|
|a SNKBUCL
|b slo
|c SNKBUCL
|e AACR2
|
| 041 |
0 |
|
|a slo
|
| 044 |
|
|
|a xo
|c SK
|
| 100 |
1 |
|
|a Petrikovich, Ján,
|d 1846-1914
|4 aut
|9 153076
|
| 245 |
1 |
0 |
|a Nález kostí jaskynného medveďa (Ursus spelaeus Rosenmülleri) v jaskyni Lôm v Gaderi a kostí z obecného medveďa (Ursus Arctos L.) na Balovom grúni v Belianskej doline v Turci.
|c Ján Petrikovich
|
| 773 |
0 |
|
|t Sborník Museálnej slovenskej spoločnosti : [príloha k Časopisu Museálnej slovenskej spoločnosti]
|g Roč. 12, č. 1 (1907), s. [24]-28
|
| 954 |
|
|
|a odborná, vedecká literatúra pôvodná (slovenská)
|2 lita
|
| 958 |
|
|
|a OND
|
| 958 |
|
|
|a EUIPO
|
| 958 |
|
|
|a article4
|
| 999 |
|
|
|c 2025459
|d 2027389
|